<?xml version="1.0" encoding="UTF-8"?>
<record
    xmlns:xsi="http://www.w3.org/2001/XMLSchema-instance"
    xsi:schemaLocation="http://www.loc.gov/MARC21/slim http://www.loc.gov/standards/marcxml/schema/MARC21slim.xsd"
    xmlns="http://www.loc.gov/MARC21/slim">

  <leader>03205nam0a2200385   4500</leader>
  <controlfield tag="001">RU\NLR\BIBL_A\010514154</controlfield>
  <controlfield tag="005">20260406205836.0</controlfield>
  <datafield tag="035" ind1=" " ind2=" ">
    <subfield code="a">(NLR Aleph) 010514154</subfield>
  </datafield>
  <datafield tag="090" ind1=" " ind2=" ">
    <subfield code="a">10189704</subfield>
    <subfield code="c">10189704</subfield>
  </datafield>
  <datafield tag="100" ind1=" " ind2=" ">
    <subfield code="a">20141028e20141882|||y0rusy50      ca</subfield>
  </datafield>
  <datafield tag="101" ind1="0" ind2=" ">
    <subfield code="a">rus</subfield>
    <subfield code="a">lat</subfield>
  </datafield>
  <datafield tag="102" ind1=" " ind2=" ">
    <subfield code="a">RU</subfield>
  </datafield>
  <datafield tag="105" ind1=" " ind2=" ">
    <subfield code="a">ach|z|||100yb</subfield>
  </datafield>
  <datafield tag="200" ind1="1" ind2=" ">
    <subfield code="a">&#x410;&#x43B;&#x44C;&#x431;&#x43E;&#x43C;&#x44A; &#x43C;&#x43E;&#x441;&#x43A;&#x43E;&#x432;&#x441;&#x43A;&#x43E;&#x439; &#x41F;&#x443;&#x448;&#x43A;&#x438;&#x43D;&#x441;&#x43A;&#x43E;&#x439; &#x432;&#x44B;&#x441;&#x442;&#x430;&#x432;&#x43A;&#x438; 1880 &#x433;&#x43E;&#x434;&#x430;</subfield>
    <subfield code="f">&#x43F;&#x43E;&#x434;&#x44A; &#x440;&#x435;&#x434;. &#x434;.&#x447;&#x43B;. &#x41B;&#x44C;&#x432;&#x430; &#x41F;&#x43E;&#x43B;&#x438;&#x432;&#x430;&#x43D;&#x43E;&#x432;&#x430;</subfield>
  </datafield>
  <datafield tag="205" ind1=" " ind2=" ">
    <subfield code="a">[&#x420;&#x435;&#x43F;&#x440;. &#x438;&#x437;&#x434;.]</subfield>
  </datafield>
  <datafield tag="210" ind1=" " ind2=" ">
    <subfield code="a">[&#x411;. &#x43C;.</subfield>
    <subfield code="c">&#x431;. &#x438;.</subfield>
    <subfield code="d">201-?]</subfield>
    <subfield code="e">&#x41E;&#x41E;&#x41E; "&#x410;&#x441;&#x442;&#x440;&#x430;-&#x41F;&#x43E;&#x43B;&#x438;&#x433;&#x440;&#x430;&#x444;&#x438;&#x44F;" &#x41C;&#x43E;&#x441;&#x43A;&#x432;&#x430;</subfield>
  </datafield>
  <datafield tag="215" ind1=" " ind2=" ">
    <subfield code="a">VI, 181, [51] &#x441;.</subfield>
    <subfield code="c">&#x438;&#x43B;., &#x43F;&#x43E;&#x440;&#x442;&#x440;., &#x444;&#x430;&#x43A;&#x441;.</subfield>
    <subfield code="d">30</subfield>
  </datafield>
  <datafield tag="300" ind1=" " ind2=" ">
    <subfield code="a">&#x417;&#x430;&#x433;&#x43B;. &#x43E;&#x431;&#x43B;.: &#x410;&#x43B;&#x44C;&#x431;&#x43E;&#x43C;&#x44A; &#x41F;&#x443;&#x448;&#x43A;&#x438;&#x43D;&#x441;&#x43A;&#x43E;&#x439; &#x432;&#x44B;&#x441;&#x442;&#x430;&#x432;&#x43A;&#x438; 1880 &#x433;&#x43E;&#x434;&#x430;</subfield>
  </datafield>
  <datafield tag="300" ind1=" " ind2=" ">
    <subfield code="a">&#x41D;&#x430; &#x442;&#x438;&#x442;. &#x43B;. &#x432;&#x44B;&#x445;. &#x434;&#x430;&#x43D;. &#x43E;&#x440;&#x438;&#x433;. &#x438;&#x437;&#x434;.: &#x41C;&#x43E;&#x441;&#x43A;&#x432;&#x430;: &#x41E;&#x431;&#x449;&#x435;&#x441;&#x442;&#x432;&#x43E; &#x43B;&#x44E;&#x431;&#x438;&#x442;&#x435;&#x43B;&#x435;&#x439; &#x420;&#x43E;&#x441;&#x441;i&#x441;&#x43A;&#x43E;&#x439; &#x441;&#x43B;&#x43E;&#x432;&#x435;&#x441;&#x43D;&#x43E;&#x441;&#x442;&#x438;, 1882</subfield>
  </datafield>
  <datafield tag="300" ind1=" " ind2=" ">
    <subfield code="a">&#x427;&#x430;&#x441;&#x442;&#x44C; &#x442;&#x435;&#x43A;&#x441;&#x442;&#x430; &#x43D;&#x430; &#x43B;&#x430;&#x442;&#x44B;&#x43D;&#x438;</subfield>
  </datafield>
  <datafield tag="327" ind1="1" ind2=" ">
    <subfield code="a">&#x41D;&#x430; &#x442;&#x438;&#x442;. &#x43B;. &#x441;&#x43E;&#x434;&#x435;&#x440;&#x436;.: 1: &#x411;&#x438;&#x43E;&#x433;&#x440;&#x430;&#x444;&#x438;&#x447;&#x435;&#x441;&#x43A;&#x438;&#x439; &#x43E;&#x447;&#x435;&#x440;&#x43A; &#x410;.&#x421;. &#x41F;&#x443;&#x448;&#x43A;&#x438;&#x43D;&#x430; / &#x441;&#x43E;&#x441;&#x442;. &#x410;.&#x410;. &#x412;&#x435;&#x43D;&#x43A;&#x448;&#x442;&#x435;&#x440;&#x43D;. 2: 62 &#x444;&#x43E;&#x442;&#x43E;&#x433;&#x440;&#x430;&#x432;&#x44E;&#x440;&#x44B; &#x438; &#x444;&#x43E;&#x442;&#x43E;&#x43B;&#x438;&#x442;&#x43E;&#x433;&#x440;&#x430;&#x444;&#x438;&#x438; &#x445;&#x443;&#x434;&#x43E;&#x436;&#x43D;&#x438;&#x43A;&#x430; &#x41C;.&#x41C;. &#x41F;&#x430;&#x43D;&#x43E;&#x432;&#x430; &#x438; &#x442;&#x440;&#x438; &#x43F;&#x43E;&#x43B;&#x438;&#x442;&#x438;&#x43F;&#x430;&#x436;&#x430;. 3: &#x41F;&#x440;&#x438;&#x43B;&#x43E;&#x436;&#x435;&#x43D;&#x438;&#x44F;</subfield>
  </datafield>
  <datafield tag="455" ind1=" " ind2="0">
    <subfield code="1">2001#$a&#x410;&#x43B;&#x44C;&#x431;&#x43E;&#x43C; &#x43C;&#x43E;&#x441;&#x43A;&#x43E;&#x432;&#x441;&#x43A;&#x43E;&#x439; &#x41F;&#x443;&#x448;&#x43A;&#x438;&#x43D;&#x441;&#x43A;&#x43E;&#x439; &#x432;&#x44B;&#x441;&#x442;&#x430;&#x432;&#x43A;&#x438; 1880 &#x433;&#x43E;&#x434;&#x430;</subfield>
    <subfield code="1">210##$a&#x41C;&#x43E;&#x441;&#x43A;&#x432;&#x430;$d1882</subfield>
    <subfield code="t">&#x410;&#x43B;&#x44C;&#x431;&#x43E;&#x43C; &#x43C;&#x43E;&#x441;&#x43A;&#x43E;&#x432;&#x441;&#x43A;&#x43E;&#x439; &#x41F;&#x443;&#x448;&#x43A;&#x438;&#x43D;&#x441;&#x43A;&#x43E;&#x439; &#x432;&#x44B;&#x441;&#x442;&#x430;&#x432;&#x43A;&#x438; 1880 &#x433;&#x43E;&#x434;&#x430;</subfield>
  </datafield>
  <datafield tag="464" ind1=" " ind2="0">
    <subfield code="1">2001#$a&#x411;&#x438;&#x43E;&#x433;&#x440;&#x430;&#x444;&#x438;&#x447;&#x435;&#x441;&#x43A;&#x438;&#x439; &#x43E;&#x447;&#x435;&#x440;&#x43A; &#x410;.&#x421;. &#x41F;&#x443;&#x448;&#x43A;&#x438;&#x43D;&#x430;</subfield>
    <subfield code="1">700#1$a&#x412;&#x435;&#x43D;&#x43A;&#x441;&#x442;&#x435;&#x440;&#x43D;$b&#x410;. &#x410;.$g&#x410;&#x43B;&#x435;&#x43A;&#x441;&#x435;&#x439; &#x410;&#x43B;&#x435;&#x43A;&#x441;&#x435;&#x435;&#x432;&#x438;&#x447;$c1856-1909$3RU\NLR\AUTH\770138617</subfield>
    <subfield code="t">&#x411;&#x438;&#x43E;&#x433;&#x440;&#x430;&#x444;&#x438;&#x447;&#x435;&#x441;&#x43A;&#x438;&#x439; &#x43E;&#x447;&#x435;&#x440;&#x43A; &#x410;.&#x421;. &#x41F;&#x443;&#x448;&#x43A;&#x438;&#x43D;&#x430;</subfield>
    <subfield code="a">&#x412;&#x435;&#x43D;&#x43A;&#x441;&#x442;&#x435;&#x440;&#x43D;, &#x410;&#x43B;&#x435;&#x43A;&#x441;&#x435;&#x439; &#x410;&#x43B;&#x435;&#x43A;&#x441;&#x435;&#x435;&#x432;&#x438;&#x447; (1856-1909)</subfield>
  </datafield>
  <datafield tag="512" ind1="1" ind2=" ">
    <subfield code="a">&#x410;&#x43B;&#x44C;&#x431;&#x43E;&#x43C;&#x44A; &#x41F;&#x443;&#x448;&#x43A;&#x438;&#x43D;&#x441;&#x43A;&#x43E;&#x439; &#x432;&#x44B;&#x441;&#x442;&#x430;&#x432;&#x43A;&#x438; 1880 &#x433;&#x43E;&#x434;&#x430;</subfield>
  </datafield>
  <datafield tag="518" ind1="1" ind2=" ">
    <subfield code="a">&#x410;&#x43B;&#x44C;&#x431;&#x43E;&#x43C; &#x43C;&#x43E;&#x441;&#x43A;&#x43E;&#x432;&#x441;&#x43A;&#x43E;&#x439; &#x41F;&#x443;&#x448;&#x43A;&#x438;&#x43D;&#x441;&#x43A;&#x43E;&#x439; &#x432;&#x44B;&#x441;&#x442;&#x430;&#x432;&#x43A;&#x438; 1880 &#x433;&#x43E;&#x434;&#x430;</subfield>
  </datafield>
  <datafield tag="518" ind1="1" ind2=" ">
    <subfield code="a">&#x410;&#x43B;&#x44C;&#x431;&#x43E;&#x43C; &#x41F;&#x443;&#x448;&#x43A;&#x438;&#x43D;&#x441;&#x43A;&#x43E;&#x439; &#x432;&#x44B;&#x441;&#x442;&#x430;&#x432;&#x43A;&#x438; 1880 &#x433;&#x43E;&#x434;&#x430;</subfield>
  </datafield>
  <datafield tag="600" ind1=" " ind2="1">
    <subfield code="a">&#x41F;&#x443;&#x448;&#x43A;&#x438;&#x43D;</subfield>
    <subfield code="b">&#x410;.&#x421;.</subfield>
    <subfield code="f">1799 - 1837</subfield>
    <subfield code="g">&#x410;&#x43B;&#x435;&#x43A;&#x441;&#x430;&#x43D;&#x434;&#x440; &#x421;&#x435;&#x440;&#x433;&#x435;&#x435;&#x432;&#x438;&#x447;</subfield>
    <subfield code="x">&#x412;&#x44B;&#x441;&#x442;&#x430;&#x432;&#x43A;&#x438;</subfield>
    <subfield code="9">2016280</subfield>
    <subfield code="3">RU\NLR\AUTH\66927480</subfield>
  </datafield>
  <datafield tag="686" ind1="2" ind2=" ">
    <subfield code="a">&#x428;5(2=&#x420;)51-4&#x41F;&#x443;&#x448;&#x43A;&#x438;&#x43D;.&#x43B;6</subfield>
  </datafield>
  <datafield tag="702" ind1=" " ind2="1">
    <subfield code="4">040</subfield>
    <subfield code="8">rus</subfield>
    <subfield code="7">ca</subfield>
    <subfield code="a">&#x41F;&#x430;&#x43D;&#x43E;&#x432;</subfield>
    <subfield code="b">&#x41C;. &#x41C;.</subfield>
    <subfield code="c">&#x445;&#x443;&#x434;&#x43E;&#x436;&#x43D;&#x438;&#x43A;, &#x444;&#x43E;&#x442;&#x43E;&#x433;&#x440;&#x430;&#x444;</subfield>
    <subfield code="f">1836-1894</subfield>
    <subfield code="g">&#x41C;&#x438;&#x445;&#x430;&#x438;&#x43B; &#x41C;&#x438;&#x445;&#x430;&#x439;&#x43B;&#x43E;&#x432;&#x438;&#x447;</subfield>
    <subfield code="3">RU\NLR\AUTH\7790945</subfield>
    <subfield code="9">73872</subfield>
  </datafield>
  <datafield tag="710" ind1="0" ind2="2">
    <subfield code="a">&#x41E;&#x431;&#x449;&#x435;&#x441;&#x442;&#x432;&#x43E; &#x43B;&#x44E;&#x431;&#x438;&#x442;&#x435;&#x43B;&#x435;&#x439; &#x440;&#x43E;&#x441;&#x441;&#x438;&#x439;&#x441;&#x43A;&#x43E;&#x439; &#x441;&#x43B;&#x43E;&#x432;&#x435;&#x441;&#x43D;&#x43E;&#x441;&#x442;&#x438;</subfield>
    <subfield code="c">&#x41C;&#x43E;&#x441;&#x43A;&#x432;&#x430;</subfield>
    <subfield code="b">&#x41F;&#x443;&#x448;&#x43A;&#x438;&#x43D;&#x441;&#x43A;&#x430;&#x44F; &#x432;&#x44B;&#x441;&#x442;&#x430;&#x432;&#x43A;&#x430;</subfield>
    <subfield code="f">1880</subfield>
    <subfield code="3">RU\NLR\AUTH\889966532</subfield>
    <subfield code="9">429418</subfield>
  </datafield>
  <datafield tag="942" ind1=" " ind2=" ">
    <subfield code="c">BOOK</subfield>
  </datafield>
  <datafield tag="980" ind1=" " ind2=" ">
    <subfield code="a">NB</subfield>
  </datafield>
  <datafield tag="995" ind1=" " ind2=" ">
    <subfield code="5">2014-10-28</subfield>
    <subfield code="a">ab</subfield>
    <subfield code="b">NLR01</subfield>
    <subfield code="c">NLR01</subfield>
    <subfield code="e">RF8</subfield>
    <subfield code="f">1-688778</subfield>
    <subfield code="k">2014-8/3290</subfield>
    <subfield code="o">0</subfield>
    <subfield code="p">600.00</subfield>
    <subfield code="r">BOOK</subfield>
    <subfield code="s">201483290_</subfield>
  </datafield>
</record>
